The long-run relationship between house prices and income (Record no. 77799)
[ view plain ]
| 000 -LEADER | |
|---|---|
| fixed length control field | 01087cab a2200193 4500 |
| 001 - CONTROL NUMBER | |
| control field | ##L135134 |
| 008 - FIXED-LENGTH DATA ELEMENTS--GENERAL INFORMATION | |
| fixed length control field | 060926n2006 000 0 eng u |
| 035 ## - SYSTEM CONTROL NUMBER | |
| System control number | (Sirsi) u135134 |
| 041 0# - LANGUAGE CODE | |
| Language code of text/sound track or separate title | eng |
| 100 1# - MAIN ENTRY--PERSONAL NAME | |
| Personal name | Gallin, Joshua |
| 245 04 - TITLE STATEMENT | |
| Title | The long-run relationship between house prices and income |
| Remainder of title | evidence from local housing markets |
| 260 ## - PUBLICATION, DISTRIBUTION, ETC. | |
| Date of publication, distribution, etc. | 2006 |
| 490 #0 - SERIES STATEMENT | |
| Series statement | Real Estate Economics |
| Volume/sequential designation | 34(3) 2006, 417-438(22) |
| 520 ## - SUMMARY, ETC. | |
| Summary, etc. | Examines the argument that house prices are related to income, in that where house price rises exceed rises in income levels, house prices are seen as being out of line with fundamentals and a stagnation or fall in house prices is expected, to allow income to catch up. Concludes that there is little evidence for such a cointegration of house prices and fundamentals in that the level of house prices does not seem to have a stable long-term equilibrium relationship with the level of fundamentals such as income. |
| 590 ## - LOCAL NOTE (RLIN) | |
| Local note | IKA031006 |
| 651 #4 - SUBJECT ADDED ENTRY--GEOGRAPHIC NAME | |
| Geographic name | UNITED STATES |
| 690 ## - LOCAL SUBJECT ADDED ENTRY--TOPICAL TERM (OCLC, RLIN) | |
| Topical term or geographic name as entry element | PROPERTY-RESIDENTIAL PROPERTY-RESIDENTIAL PROPERTY MARKET |
| 942 ## - ADDED ENTRY ELEMENTS (KOHA) | |
| Suppress in OPAC | 0 |
| Withdrawn status | Lost status | Source of classification or shelving scheme | Damaged status | Not for loan | Home library | Current library | Shelving location | Date acquired | Total Checkouts | Full call number | Barcode | Date last seen | Copy number | Price effective from | Koha item type |
|---|---|---|---|---|---|---|---|---|---|---|---|---|---|---|---|
| Dewey Decimal Classification | London | London | Journal article | 26/09/2006 | L135134 | 135134-1001 | 06/08/2019 | 1 | 06/08/2019 | Journal article |